00519nam a2200157 a 450000500170000000800410001705000240005810000290008224500850011126000440019630000200024052100070026065000350026765000380030270000210034020140310183504.0101014s19uu xx 00 eng d aTK 6655b.V652 2010 aOrtiz, Florida Valencia. aVideo production and digital photography for beginners :blecture lesson plans / aPhilippines :bTechFactors, Inc,c2010. a17 p. :c26 cm. aMC aVideo productionxlesson plan. aDigital photographyxlesson plan. aAmante, Mai Ryza